| 000 | 00766cab a2200241 4500 | ||
|---|---|---|---|
| 001 | WB3503-21 | ||
| 008 | 090401t1999 xxu||||| |||| 00| 0 eng d | ||
| 035 | _a(Sirsi) u90857 | ||
| 041 | _aeng | ||
| 245 | _aEU regions get heard in Brussels | ||
| 260 | _c1999 | ||
| 350 | _a0 | ||
| 490 |
_aFinancial Times _v22 January 1999, 2(2) |
||
| 520 | _aThe EU is becoming more decentralised. There are now more than 160 regional representative offices in Brussels compared to just 6 in 1985. Britain has 30 offices - more than any other member state. | ||
| 650 | _aDECENTRALISATION | ||
| 650 | _aEU | ||
| 650 | _aEUROPEAN REGIONS | ||
| 650 | _aREGIONAL AID | ||
| 650 | _aREGIONAL FUNDING | ||
| 690 | _aECONOMIC AND SOCIAL | ||
| 942 | _n0 | ||
| 948 | _c22/01/1999 | ||
| 999 |
_c57634 _d57634 |
||